Statistiques concernant Pays du monde commençant par E et F.

Cliquez ici pour prendre le quiz!

Statistiques générales

  • Ce quiz a été pris 282 fois
  • Le résultat moyen est 9 sur 13

Statistiques - réponses

Réponse% Correct
Finlande
96%
France
93%
Estonie
88%
Espagne
85%
Éthiopie
80%
Érythrée
78%
Fidji
77%
Équateur
71%
États-Unis
64%
Égypte
60%
Émirats Arabes Unis
60%
Eswatini
60%
États Fédérés de Micronésie
5%

Distribution des résultats

Percentile par nombre de réponses

% des personnes avec chaque résultat

Votre développement - résultats

Vous n’avez pas pris ce quiz